Missing Word: Anagrammed Movie Pairs Quiz Stats

 Plays Quiz Updated Dec 5, 2018

Challenge
Share
Tweet
Embed
Score 0/26 Timer 03:00
3 Plays Today
Movie Word % Correct
The _______ of the Lambs (1991, Jodie Foster)Silence
99.3%
The ____ Ranger (2013, Johnny Depp)Lone
96.6%
The Texas _____ Saw Massacre (1974, Marilyn Burns)Chain
96.5%
____ Free or Die Hard (2007, Bruce Willis)Live
95.9%
The Day the _____ Stood Still (1951, Patricia Neal)Earth
95%
____ Girls (2004, Lindsay Lohan)Mean
94.8%
Reservoir ____ (1992, Harvey Keitel)Dogs
94.1%
Harry Potter and the Deathly ______ Pt. 1 (2010, Emma Watson)Hallows
93.8%
Boogie ______ (1997, Mark Wahlberg)Nights
92.2%
In the ____ of the Father (1993, Daniel Day-Lewis)Name
91.6%
Where the Wild ______ Are (2009, Catherine Keener)Things
91%
______ Hal (2001, Jack Black)Shallow
89.3%
This Is ______ Tap (1984, Harry Shearer)Spinal
87.5%
Movie Word % Correct
Clear and _______ Danger (1994, Harrison Ford)Present
87%
The ____ Must be Crazy (1980, Marius Weyers)Gods
85.7%
Big Trouble in Little _____ (1986, Kurt Russel)China
85.5%
Requiem for a _____ (2000, Jared Leto)Dream
83.3%
_______ to Wed (2007, Robin Williams)License
82.8%
I _____ Huckabees (2004, Jude Law)Heart
81%
The ____ Dead (1981, Bruce Campbell)Evil
79.2%
The Treasure of the Sierra _____ (1948, Humphrey Bogart)Madre
77.8%
____: The Professional (1994, Gary Oldman)Léon
76.5%
High ______ Drifter (1973, Clint Eastwood)Plains
70.4%
The ______ Cometh (1973, Lee Marvin)Iceman
57.6%
The _______ and the Rainbow (1988, Bill Pullman)Serpent
51.1%
______ Paradiso (1988, Philippe Noiret)Cinema
39.2%

Today's Daily Dose

Missing Word
Entertainment 'M'

Word Ladder
North Carolina

On This Day
January 16th II

You're not logged in!

Compare scores with friends on all Sporcle quizzes.
OR
Log In

You Might Also Like...

Show Comments

Extras

Top Quizzes Today


Score Distribution

Your Account Isn't Verified!

In order to create a playlist on Sporcle, you need to verify the email address you used during registration. Go to your Sporcle Settings to finish the process.

Report this User

Report this user for behavior that violates our Community Guidelines.

Details: